<?xml version="1.0" encoding="UTF-8"?>
<collection xmlns:xsi="http://www.w3.org/2001/XMLSchema-instance" xsi:schemaLocation="http://www.loc.gov/MARC21/slim http://www.loc.gov/standards/marcxml/schema/MARC21slim.xsd" xmlns="http://www.loc.gov/MARC21/slim">
 <record>
  <leader>00000cam a22000004a 4500</leader>
  <controlfield tag="001">UP-1685523046126355258</controlfield>
  <controlfield tag="003">Buklod</controlfield>
  <controlfield tag="005">20231018173637.0</controlfield>
  <controlfield tag="006">aao  gr    |||| u|</controlfield>
  <controlfield tag="007">ta</controlfield>
  <controlfield tag="008">231018s2018    xx     d     |||| ||    |</controlfield>
  <datafield tag="020" ind1=" " ind2=" ">
   <subfield code="a">9781496347213 (pbk.)</subfield>
  </datafield>
  <datafield tag="020" ind1=" " ind2=" ">
   <subfield code="a">1496347218 (pbk.)</subfield>
  </datafield>
  <datafield tag="035" ind1=" " ind2=" ">
   <subfield code="a">(iLib)UPMNL-00016880812</subfield>
  </datafield>
  <datafield tag="037" ind1=" " ind2=" ">
   <subfield code="a">UnMe-00909 | DONATION-Dr. Eusebio Kho, CPCM Class 1960 | AMAZON-USD 10-05-2020</subfield>
  </datafield>
  <datafield tag="040" ind1=" " ind2=" ">
   <subfield code="a">MED rda</subfield>
   <subfield code="e">AACR</subfield>
  </datafield>
  <datafield tag="041" ind1=" " ind2=" ">
   <subfield code="a">eng</subfield>
  </datafield>
  <datafield tag="090" ind1=" " ind2=" ">
   <subfield code="a">QM 23.2</subfield>
   <subfield code="b">M67 2018</subfield>
  </datafield>
  <datafield tag="100" ind1="1" ind2=" ">
   <subfield code="a">Moore, Keith L.</subfield>
   <subfield code="e">author.</subfield>
  </datafield>
  <datafield tag="245" ind1="1" ind2="0">
   <subfield code="a">Clinically oriented anatomy</subfield>
   <subfield code="c">Keith L. Moore, MSc, PhD, Hon. DSC, FIAC, FRSM, FAA, Professor Emeritus in Division of Anatomy, Department of Surgery, former Chair of Anatomy, Associate Dean for Basic Medical Sciences, Faculty of Medicine, University of Toronto, Toronto, Ontario, Canada, Arthur F. Dalley II, PhD, FAAA, Professor, Department of Cell and Developmental Biology, Adjunct Professor, Department of Orthopaedic Surgery, Co-Director, Brain, Behavior, and Movement, Vanderbilt University School of Medicine, Adjunct Professor of Anatomy, Belmont University School of Physical Therapy, Nashville, Tennessee, Anne M. R. Agur, BSc (OT), MSc, PhD, Professor, Division of Anatomy, Department of Surgery, Faculty of Medicine, Division of Physical Medicine and Reahbilitation, Department of Medicine, Department of Physical Therapy, Department of Occupational Science &amp; Occupational Therapy, Division of Biomedical Communications, Institute of Medical Science, Rehabilitation Sciences Institute, Graduate Department of Dentistry, Toronto, Ontario, Canada.</subfield>
  </datafield>
  <datafield tag="250" ind1=" " ind2=" ">
   <subfield code="a">Eighth edition.</subfield>
  </datafield>
  <datafield tag="264" ind1=" " ind2="1">
   <subfield code="a">Philadelphia</subfield>
   <subfield code="b">Wolters Kluwer</subfield>
   <subfield code="c">[2018]</subfield>
  </datafield>
  <datafield tag="300" ind1=" " ind2=" ">
   <subfield code="a">xxxv, 1153 pages</subfield>
   <subfield code="b">illustrations (chiefly color)</subfield>
   <subfield code="c">28 cm</subfield>
  </datafield>
  <datafield tag="336" ind1=" " ind2=" ">
   <subfield code="a">text</subfield>
   <subfield code="2">rdacontent</subfield>
  </datafield>
  <datafield tag="337" ind1=" " ind2=" ">
   <subfield code="a">unmediated</subfield>
   <subfield code="2">rdamedia</subfield>
  </datafield>
  <datafield tag="338" ind1=" " ind2=" ">
   <subfield code="a">volume</subfield>
   <subfield code="2">rdacarrier</subfield>
  </datafield>
  <datafield tag="504" ind1=" " ind2=" ">
   <subfield code="a">Includes bibliographical references (pages 1093-1096) and index.</subfield>
  </datafield>
  <datafield tag="505" ind1="0" ind2=" ">
   <subfield code="a">Overview and basic concepts -- Back  -- Upper limb -- Thorax -- Abdomen -- Pelvis and perineum -- Lower limb -- Head -- Neck -- Cranial nerves.</subfield>
  </datafield>
  <datafield tag="650" ind1=" " ind2="0">
   <subfield code="a">Human anatomy.</subfield>
  </datafield>
  <datafield tag="650" ind1=" " ind2="0">
   <subfield code="a">Anatomy, Pathological.</subfield>
  </datafield>
  <datafield tag="650" ind1="1" ind2="2">
   <subfield code="a">Anatomy.</subfield>
  </datafield>
  <datafield tag="700" ind1="1" ind2=" ">
   <subfield code="a">Agur, A. M. R.</subfield>
   <subfield code="e">author.</subfield>
  </datafield>
  <datafield tag="700" ind1="1" ind2=" ">
   <subfield code="a">Dalley, Arthur F.</subfield>
   <subfield code="c">II</subfield>
   <subfield code="e">author.</subfield>
  </datafield>
  <datafield tag="905" ind1=" " ind2=" ">
   <subfield code="a">FO</subfield>
  </datafield>
  <datafield tag="852" ind1="0" ind2=" ">
   <subfield code="a">UPMNL</subfield>
   <subfield code="b">MED</subfield>
   <subfield code="h">QM 23.2</subfield>
   <subfield code="i">M67 2018</subfield>
  </datafield>
  <datafield tag="942" ind1=" " ind2=" ">
   <subfield code="a">Book</subfield>
  </datafield>
 </record>
</collection>
